[Event "Reykjavik Open"]
[Site "Reykjavik ISL"]
[Date "2012.03.10"]
[Round "5.18"]
[White "Danielsen, Henrik"]
[Black "Lagerman, Robert"]
[Result "1-0"]
[WhiteTitle "GM"]
[BlackTitle "FM"]
[WhiteElo "2504"]
[BlackElo "2315"]
[WhiteFideId "1400185"]
[BlackFideId "2300362"]
[EventDate "2012.03.06"]

1. Nf3 c5 2. e4 Nc6 3. Bb5 g6 4. O-O Bg7 5. Bxc6 dxc6 6. h3 Nf6 7. d3 O-O 8. Nc3
b6 9. Be3 Re8 10. Qd2 e5 11. a3 Nd7 12. b4 cxb4 13. axb4 Nf8 14. Ra2 Ne6 15.
Rfa1 Nd4 16. Bxd4 exd4 17. Ne2 Re7 18. Ra4 h6 19. Kf1 Be6 20. Nf4 Qd6 21. Nxe6
Qxe6 22. Qf4 Kh7 23. Ra6 Qc8 24. Qh4 Rc7 25. Qg4 Qe8 26. Qf4 Re7 27. Nd2 Be5 28.
Qh4 Bd6 29. Nc4 Bxb4 30. Nxb6 Rb8 31. Nc4 Rbb7 32. g3 Kg7 33. e5 Bc3 34. Nd6 1-0

[Event "Reykjavik Open"]
[Site "Reykjavik ISL"]
[Date "2012.03.10"]
[Round "5.19"]
[White "Larsen, Karsten"]
[Black "Arnold, Marc T"]
[Result "1-0"]
[WhiteTitle "FM"]
[BlackTitle "IM"]
[WhiteElo "2321"]
[BlackElo "2502"]
[WhiteFideId "1404288"]
[BlackFideId "2022320"]
[EventDate "2012.03.06"]

1. e4 c5 2. Nf3 e6 3. d3 Nf6 4. g3 Nc6 5. Bg2 Be7 6. O-O O-O 7. Re1 d6 8. c3 e5
9. h3 Ne8 10. d4 Nc7 11. d5 Nb8 12. a4 g6 13. Nfd2 Nd7 14. Na3 b6 15. Nac4 Ba6
16. f4 f6 17. f5 Qe8 18. Ne3 g5 19. Bf3 Qc8 20. Kf2 Kg7 21. Rh1 Rh8 22. h4 h6
23. Bh5 Qg8 24. Nf3 Kf8 25. b3 Ne8 26. Bg6 Bd8 27. Ra2 Ke7 28. Kg1 Nf8 29. Bh5
Rh7 30. hxg5 hxg5 31. Rah2 Rc8 32. Ng4 Kd7 33. c4 Be7 34. Nh6 Qg7 35. Bf7 Kc7
36. Be6 Rb8 37. Ne1 Bc8 38. Nc2 Bd7 39. Ne3 a6 40. Bd2 Bc8 41. Neg4 Nd7 42. Qe2
Bd8 43. Nf7 Rxh2 44. Rxh2 Be7 45. Kf1 Nf8 46. Ke1 Nd7 47. Kd1 Nf8 48. Kc2 Bd7
49. Rh1 Ra8 50. Kb2 Rb8 51. Ne3 Ra8 52. Ka3 Kb7 53. Rh8 Nc7 54. Qh5 Be8 55. Qh6
Qxh6 56. Rxh6 Nfxe6 57. fxe6 Bxf7 58. exf7 Rf8 59. Rh7 Kc8 60. Nf5 Kd7 61. Kb2
b5 62. Ba5 Bd8 63. Bb6 bxc4 64. bxc4 g4 65. Ba5 Na8 66. Bd2 1-0

[Event "Reykjavik Open"]
[Site "Reykjavik ISL"]
[Date "2012.03.10"]
[Round "5.21"]
[White "Friedrichs, Klaus"]
[Black "Gretarsson, Hjorvar Steinn"]
[Result "0-1"]
[BlackTitle "IM"]
[WhiteElo "2283"]
[BlackElo "2460"]
[WhiteFideId "4654420"]
[BlackFideId "2302241"]
[EventDate "2012.03.06"]

1. d4 Nf6 2. Nf3 e6 3. Bg5 c5 4. e3 h6 5. Bh4 Qb6 6. Nbd2 cxd4 7. exd4 d5 8. Rb1
g5 9. Bg3 g4 10. Ne5 h5 11. Bh4 Nfd7 12. Nxd7 Bxd7 13. c3 Nc6 14. Bd3 Be7 15.
Bxe7 Nxe7 16. O-O Qd6 17. Qe2 O-O-O 18. f4 f5 19. Qe3 Ng6 20. Nb3 Kb8 21. Nc5
Bc8 22. Bb5 Rh7 23. Be2 b6 24. Nb3 Bd7 25. Rbe1 Rc8 26. Nc1 Ne7 27. Nd3 Ng8 28.
Qe5 Qxe5 29. Nxe5 Kc7 30. Bd3 Nf6 31. Re3 Re7 32. h4 gxh3 33. Rxh3 Rg7 34. Be2
Rcg8 35. Bf3 Be8 36. Kf2 Kd6 37. Rh4 b5 38. a3 a5 39. Ra1 Ne4+ 40. Ke3 Nf6 41.
Rh2 Rc7 42. Rhh1 Ne4 43. Nd3 Rg3 44. Ne5 Rcg7 45. Rh2 Ke7 46. Rah1 Nd6 47. Rh3
Kf6 48. Rxg3 Rxg3 49. Rh3 Rg7 50. Kf2 Rh7 51. Rh1 b4 52. axb4 axb4 53. Ra1 bxc3
54. bxc3 Rc7 55. Nd3 Rxc3 56. Nc5 Nb5 57. Ra4 Nxd4 58. Rxd4 Rxc5 59. g3 Rc2+ 60.
Ke3 h4 61. gxh4 Rh2 62. Rb4 Rxh4 63. Rb8 Bc6 64. Be2 d4+ 65. Kxd4 Rxf4+ 66. Kc5
Bf3 67. Bc4 Bh5 68. Bb3 Re4 69. Rf8+ Bf7 70. Bd1 f4 71. Kc6 Rc4+ 72. Kb5 Rd4 73.
Bg4 Kg7 74. Ra8 e5 75. Kc5 Kf6 76. Rf8 Ke7 77. Ra8 Rc4+ 78. Kb5 Rc3 0-1

[Event "Reykjavik Open"]
[Site "Reykjavik ISL"]
[Date "2012.03.10"]
[Round "5.22"]
[White "Ziska, Helgi Dam"]
[Black "Holm, Kristian Stuvik"]
[Result "1/2-1/2"]
[WhiteTitle "IM"]
[WhiteElo "2456"]
[BlackElo "2290"]
[WhiteFideId "7200595"]
[BlackFideId "1508083"]
[EventDate "2012.03.06"]

1. e4 c5 2. d3 Nc6 3. f4 e6 4. Nf3 d5 5. Be2 Be7 6. O-O Nf6 7. e5 Nd7 8. c3 b5
9. d4 Qb6 10. Na3 b4 11. Nc2 bxc3 12. bxc3 O-O 13. Kh1 Ba6 14. Bxa6 Qxa6 15. f5
Rab8 16. Bg5 Rb2 17. f6 gxf6 18. exf6 Nxf6 19. Bh6 Ne4 20. Ne5 Nxe5 21. dxe5 f5
22. Bxf8 Kxf8 23. Qc1 Qb6 24. c4 Bg5 25. Qd1 d4 26. Qd3 Kg7 27. Kg1 h5 28. Rae1
Qb7 29. Re2 a6 30. g3 Nc3 31. Rg2 Qe4 32. Qxe4 fxe4 33. h4 d3 34. Rgf2 Rxc2 35.
Rf7+ Kg8 36. Rf8+ Kg7 37. R1f7+ Kg6 38. hxg5 Ne2+ 39. Kh2 Nf4+ 40. Kh1 Rc1+ 41.
Kh2 Rc2+ 42. Kh1 Rc1+ 43. Kh2 Rc2+ 1/2-1/2

[Event "Reykjavik Open"]
[Site "Reykjavik ISL"]
[Date "2012.03.10"]
[Round "5.25"]
[White "Karlsson, Bjorn-Ivar"]
[Black "Maze, Sebastien"]
[Result "0-1"]
[BlackTitle "GM"]
[WhiteElo "2250"]
[BlackElo "2577"]
[WhiteFideId "2301687"]
[BlackFideId "613762"]
[EventDate "2012.03.06"]

1. Nf3 g6 2. c4 Bg7 3. Nc3 Nf6 4. g3 O-O 5. Bg2 d5 6. cxd5 Nxd5 7. O-O Nc6 8. d4
Nb6 9. e3 Re8 10. Qe2 a5 11. Rd1 Bg4 12. h3 Bd7 13. Ne4 Qc8 14. Kh2 Be6 15. Nc5
Bc4 16. Qd2 a4 17. Ne5 Bxe5 18. dxe5 Rd8 19. Qe1 Rxd1 20. Qxd1 Ra5 21. b4 Nxb4
22. Nxb7 Rb5 23. a3 N4d5 24. e4 Qxb7 25. exd5 Bxd5 26. Bf1 Rb3 27. Bh6 Qc8 28.
Bd3 Qe6 29. Qe2 f6 30. Bc2 Qxe5 31. Qxe5 fxe5 32. Bxb3 axb3 33. Bd2 Na4 34. Rb1
c5 35. Kg1 c4 36. Kf1 Be4 0-1

[Event "Reykjavik Open"]
[Site "Reykjavik ISL"]
[Date "2012.03.10"]
[Round "5.29"]
[White "Gunnarsson, Jon Viktor"]
[Black "Haarr, Jon Kristian"]
[Result "1/2-1/2"]
[WhiteTitle "IM"]
[WhiteElo "2424"]
[BlackElo "2226"]
[WhiteFideId "2300931"]
[BlackFideId "1505963"]
[EventDate "2012.03.06"]

1. e4 c6 2. d4 d5 3. Nc3 dxe4 4. Nxe4 Nd7 5. Nf3 Ngf6 6. Ng3 e6 7. Bd3 Bd6 8.
O-O O-O 9. Qe2 Qc7 10. c4 b6 11. b3 Bb7 12. Bb2 Rad8 13. Rad1 Rfe8 14. Ne5 c5
15. Nxd7 Nxd7 16. dxc5 Bxc5 17. Rfe1 Qf4 18. a3 Nf6 19. Be5 Qh4 20. Bxf6 Qxf6
21. Be4 Bxe4 22. Nxe4 Qe5 1/2-1/2

[Event "Reykjavik Open"]
[Site "Reykjavik ISL"]
[Date "2012.03.10"]
[Round "5.33"]
[White "Ornolfsson, Magnus P"]
[Black "Mertens, Heiko"]
[Result "1/2-1/2"]
[WhiteElo "2175"]
[BlackElo "2336"]
[WhiteFideId "2301016"]
[BlackFideId "24601616"]
[EventDate "2012.03.06"]

1. e4 e6 2. d4 d5 3. Nd2 Nf6 4. e5 Nfd7 5. Bd3 c5 6. c3 Nc6 7. Ndf3 cxd4 8. cxd4
f6 9. exf6 Nxf6 10. Ne2 Bd6 11. O-O O-O 12. Ng3 Bd7 13. Re1 Qb6 14. Bg5 h6 15.
Bxf6 Rxf6 16. Nh5 Rxf3 17. Qxf3 Qxd4 18. Rad1 Rf8 19. Qe2 Qh4 20. Ng3 Ne5 21. h3
Nc6 22. Bb1 Bc5 23. Nh1 Nd4 24. Qd3 Rf6 25. Qg3 Qh5 26. Qb8+ Rf8 27. Qe5 Qxe5
28. Rxe5 Bd6 29. Ree1 e5 30. a3 Ba4 31. Rd2 Bb3 32. Ng3 b5 33. Ne2 Nxe2+ 34.
Rdxe2 e4 35. Re3 Bc4 36. b3 d4 37. Rxe4 Bxb3 38. Rxd4 Bxa3 39. Rd3 Bb4 40. Re4
Bc4 41. Ba2 Rc8 42. Bxc4+ bxc4 43. Rdd4 c3 44. Rc4 Rd8 45. Rcd4 Rc8 46. Rc4 Rd8
47. Red4 1/2-1/2

[Event "Reykjavik Open"]
[Site "Reykjavik ISL"]
[Date "2012.03.10"]
[Round "5.35"]
[White "Van Heirzeele, Daniel"]
[Black "Michalczak, Thomas"]
[Result "0-1"]
[BlackTitle "FM"]
[WhiteElo "2161"]
[BlackElo "2326"]
[WhiteFideId "200425"]
[BlackFideId "4622634"]
[EventDate "2012.03.06"]

1. d4 d5 2. c4 e6 3. Nf3 c6 4. g3 dxc4 5. Bg2 b5 6. Ne5 Bb7 7. a4 Qc8 8. O-O Nd7
9. b3 Nxe5 10. dxe5 cxb3 11. Qxb3 b4 12. a5 Rb8 13. Nd2 Nh6 14. Bb2 c5 15. e4
Be7 16. Nc4 O-O 17. h3 Qc6 18. Rfc1 Rfd8 19. f4 Nf5 20. a6 Ba8 21. Na5 Qxa6 22.
Bf1 Qb6 23. Nc4 Qb7 24. exf5 Qh1+ 25. Kf2 Bd5 26. Rc2 Be4 27. Rd2 Rxd2+ 28. Nxd2
c4 29. Qxc4 Qh2+ 30. Ke1 Qxg3+ 31. Kd1 Bxf5 32. Rxa7 Bh4 33. Bd3 Bxd3 0-1

[Event "Reykjavik Open"]
[Site "Reykjavik ISL"]
[Date "2012.03.10"]
[Round "5.36"]
[White "Ptacnikova, Lenka"]
[Black "Ingvason, Johann"]
[Result "1-0"]
[WhiteTitle "WGM"]
[WhiteElo "2289"]
[BlackElo "2132"]
[WhiteFideId "305650"]
[BlackFideId "2301431"]
[EventDate "2012.03.06"]

1. c4 e6 2. g3 d5 3. Bg2 c6 4. Nf3 Nf6 5. O-O Be7 6. b3 O-O 7. Bb2 Nbd7 8. d4 b6
9. Nc3 Ba6 10. Nd2 Rc8 11. cxd5 cxd5 12. Rc1 b5 13. Re1 b4 14. Na4 Bb5 15. e4
Bxa4 16. bxa4 Nb6 17. Qb3 a5 18. e5 Nfd7 19. Bf1 f5 20. f4 g5 21. Bb5 Kh8 22.
Kh1 Rg8 23. Qd3 Bf8 24. fxg5 Rxc1 25. Bxc1 Rxg5 26. Nb3 Rg4 27. Nxa5 Re4 28. Rf1
Nc4 29. Nxc4 dxc4 30. Qxc4 Qe7 31. Qd3 Qd8 32. Kg1 Rxd4 33. Qb3 Nc5 34. Qf3 Ne4
35. Be3 Nd2 36. Qf2 Ne4 37. Qc2 Rd5 38. Qc6 Rd1 39. Qxe6 Rxf1+ 40. Bxf1 1-0

[Event "Reykjavik Open"]
[Site "Reykjavik ISL"]
[Date "2012.03.10"]
[Round "5.37"]
[White "Eriksen, Magnus"]
[Black "Lemeaux, David"]
[Result "1/2-1/2"]
[WhiteElo "2108"]
[BlackElo "2287"]
[WhiteFideId "1509764"]
[BlackFideId "613843"]
[EventDate "2012.03.06"]

1. Nf3 Nf6 2. c4 e6 3. Nc3 d5 4. d4 c6 5. Bg5 Nbd7 6. e3 h6 7. Bh4 Be7 8. Qc2
O-O 9. Rd1 b6 10. Bd3 Bb7 11. O-O Rc8 12. Qe2 dxc4 13. Bxc4 Nd5 14. Bg3 Nxc3 15.
bxc3 Re8 16. e4 Bf8 17. Bd3 Qe7 18. Bb1 g6 19. h4 h5 20. Bf4 Bg7 21. e5 Qa3 22.
Ng5 c5 23. Be4 Ba6 24. Bd3 Bb7 25. Be4 Ba6 26. Bd3 Bb7 27. Ne4 1/2-1/2

[Event "Reykjavik Open"]
[Site "Reykjavik ISL"]
[Date "2012.03.10"]
[Round "5.38"]
[White "Cherednichenko, Svetlana"]
[Black "Johansen, Stian"]
[Result "1-0"]
[WhiteTitle "WGM"]
[WhiteElo "2279"]
[BlackElo "1961"]
[WhiteFideId "14105551"]
[BlackFideId "1508121"]
[EventDate "2012.03.06"]

1. d4 g6 2. Nf3 Bg7 3. Bf4 c5 4. c3 cxd4 5. cxd4 Nc6 6. e3 d6 7. h3 Bf5 8. Nc3
e5 9. Bg5 f6 10. Bh4 Qb6 11. Qd2 Nge7 12. d5 Nb4 13. Bb5+ Bd7 14. Bxd7+ Kxd7 15.
a3 Na6 16. b4 Rhc8 17. O-O Rc4 18. Rac1 Rac8 19. e4 Nxb4 20. axb4 Qxb4 21. Ne2
Qxd2 22. Nxd2 Rc2 23. Rxc2 Rxc2 24. Rd1 Bh6 25. f4 Ng8 26. Kf1 Bxf4 27. Nxf4
exf4 28. Ke2 g5 29. Bf2 b6 30. Ra1 Rc7 31. Bd4 h6 32. Nb1 f5 33. Kd3 fxe4+ 34.
Kxe4 Ne7 35. Nc3 a5 36. Rb1 Nc8 37. Kd3 Rb7 38. Bg7 Na7 39. Bxh6 b5 40. Bxg5 b4
41. Bxf4 Rc7 42. Na4 Nb5 43. Re1 Rb7 44. Bg5 Nc7 45. Kc4 b3 46. Bd2 Rb5 47. Rb1
Rxd5 48. Nb6+ 1-0

[Event "Reykjavik Open"]
[Site "Reykjavik ISL"]
[Date "2012.03.10"]
[Round "5.39"]
[White "Gislason, Gudmundur"]
[Black "Ragnarsson, Dagur"]
[Result "1-0"]
[WhiteElo "2346"]
[BlackElo "1858"]
[WhiteFideId "2300559"]
[BlackFideId "2304058"]
[EventDate "2012.03.06"]

1. d4 d5 2. c4 e6 3. Nc3 Nf6 4. Nf3 Be7 5. g3 O-O 6. Bg2 Nbd7 7. cxd5 exd5 8.
O-O Re8 9. Ne5 Nf8 10. Qb3 Ne6 11. Rd1 c6 12. Be3 Bd6 13. f4 Qb6 14. Bf2 Qxb3
15. axb3 g5 16. e3 Ng7 17. fxg5 Bxe5 18. dxe5 Ng4 19. e4 d4 20. Bxd4 Ne6 21.
Rxa7 Rxa7 22. Bxa7 Nxg5 23. h4 Ne6 24. b4 Nxe5 25. b5 cxb5 26. Nxb5 Bd7 27. Rd5
f6 28. Bh3 Kf8 29. Be3 Rc8 30. Rxd7 Nxd7 31. Bxe6 Ke7 32. Bxd7 Kxd7 33. Nc3 Rc4
34. Kf2 Rb4 35. Bc1 Ke6 36. g4 Rc4 37. Kf3 b5 38. Ne2 Kf7 39. Be3 Rb4 40. Bd4
Rb3+ 41. Kf4 b4 42. Kf5 Rf3+ 43. Nf4 h5 44. gxh5 Rg3 45. Bxf6 Rg8 46. h6 1-0

[Event "Reykjavik Open"]
[Site "Reykjavik ISL"]
[Date "2012.03.10"]
[Round "5.41"]
[White "Doggers, Peter"]
[Black "Murray, Mike"]
[Result "1-0"]
[WhiteElo "2265"]
[BlackElo "2007"]
[WhiteFideId "1005774"]
[BlackFideId "2609126"]
[EventDate "2012.03.06"]

1. e4 Nc6 2. Nf3 e5 3. Bb5 Bc5 4. O-O Qf6 5. c3 Nge7 6. Re1 h6 7. d4 Bb6 8. Na3
a6 9. Bxc6 Nxc6 10. Nc4 d6 11. Nxb6 cxb6 12. a4 Bg4 13. Be3 O-O 14. d5 Ne7 15.
Bxb6 Ng6 16. h3 Bd7 17. Kh2 Qe7 18. c4 f5 19. c5 fxe4 20. Rxe4 Rf4 21. Rxf4 Nxf4
22. Rc1 Rf8 23. cxd6 Qf6 24. Ng1 g5 25. g3 Ng6 26. Qh5 Kg7 27. Be3 Rf7 28. h4
Nf4 29. gxf4 exf4 30. Bd2 Qxd6 31. Bc3+ Kg8 32. Nf3 g4 33. Rg1 Kf8 34. Qe5 Qg6
35. Qh8+ 1-0

[Event "Reykjavik Open"]
[Site "Reykjavik ISL"]
[Date "2012.03.10"]
[Round "5.42"]
[White "Haga, Halvor"]
[Black "Thompson, Ian D"]
[Result "0-1"]
[BlackTitle "FM"]
[WhiteElo "2032"]
[BlackElo "2255"]
[WhiteFideId "1507532"]
[BlackFideId "405205"]
[EventDate "2012.03.06"]

1. f4 d5 2. Nf3 Bg4 3. e3 Nd7 4. d4 Bxf3 5. Qxf3 Ngf6 6. Bd3 e6 7. O-O c5 8. c3
Bd6 9. Nd2 Qc7 10. b3 cxd4 11. exd4 Qxc3 12. Rb1 Qxd4+ 13. Kh1 O-O 14. Bb2 Qb4
15. Bc3 Qb6 16. g4 Rfc8 17. Bb2 Nc5 18. g5 Nxd3 19. Qxd3 Ne4 20. Nxe4 dxe4 21.
Qxe4 Qc6 22. Qxc6 Rxc6 23. Rf2 Bc5 24. Re2 Rd8 25. Rc1 Bb4 26. Rxc6 bxc6 27. Kg2
Rd2 28. Kf3 Rxe2 29. Kxe2 Bd6 30. Ke3 Kf8 31. Ke4 g6 32. Bd4 a6 33. Be5 Ba3 34.
Kd4 Ke7 35. Kc4 Kd7 36. Bc3 Bd6 37. Be5 Ba3 38. Bc3 Bc1 39. Be5 Be3 40. Kb4 Kc8
41. Kc4 Kb7 42. Bd6 Bg1 43. h3 Be3 44. Be5 c5 45. Bd6 Kc6 46. Be5 Bc1 47. Bb8
Bd2 48. Be5 Ba5 49. Ba1 Bd8 50. Be5 Be7 51. Bc3 Bf8 52. Be5 h6 53. h4 h5 54. Bf6
Bd6 55. Be5 Be7 56. Bf6 Bxf6 57. gxf6 Kd6 58. a4 e5 59. fxe5+ Kxe5 60. Kxc5 g5
61. hxg5 h4 62. Kc6 h3 63. Kd7 Kf5 64. Ke7 0-1

[Event "Reykjavik Open"]
[Site "Reykjavik ISL"]
[Date "2012.03.10"]
[Round "5.43"]
[White "Vaarala, Eric"]
[Black "Bjornsson, Eirikur K."]
[Result "1-0"]
[WhiteElo "2241"]
[BlackElo "2000"]
[WhiteFideId "1711962"]
[BlackFideId "2301563"]
[EventDate "2012.03.06"]

1. c4 Nf6 2. Nc3 g6 3. g3 Bg7 4. Bg2 O-O 5. d4 d6 6. Nf3 Nbd7 7. O-O e5 8. d5
Qe8 9. Nd2 h6 10. Rb1 a5 11. a3 Nh5 12. e4 Nc5 13. b4 axb4 14. axb4 Nd3 15. Qe2
Nxc1 16. Rfxc1 Bd7 17. c5 f5 18. Nc4 Qe7 19. cxd6 cxd6 20. Nb6 Ra6 21. Nxd7 Qxd7
22. exf5 Qf7 23. fxg6 Qxg6 24. Ne4 Nf6 25. Nxf6+ Bxf6 26. Be4 Qg7 27. b5 Raa8
28. Bf5 Bd8 29. Be6+ Kh8 30. Rc4 Bb6 31. Rf1 Ra3 32. Kg2 Qf6 33. f4 Re3 34. Qh5
Bc5 35. f5 e4 36. Rf4 Qg5 37. Qxg5 hxg5 38. Rfxe4 Rxe4 39. Rxe4 Kg7 40. Kf3 Rh8
41. h3 Kf6 42. Bd7 Rd8 43. Be8 Ra8 44. Re6+ Kg7 45. f6+ Kf8 46. Bg6 Ra3+ 47. Kg4 1-0

[Event "Reykjavik Open"]
[Site "Reykjavik ISL"]
[Date "2012.03.10"]
[Round "5.44"]
[White "Gikas, Andreas Basilius"]
[Black "Saemundsson, Bjarni"]
[Result "1-0"]
[WhiteElo "2219"]
[BlackElo "1947"]
[WhiteFideId "4623509"]
[BlackFideId "2302900"]
[EventDate "2012.03.06"]

1. e4 c5 2. f4 Nc6 3. Nf3 g6 4. d4 cxd4 5. Nxd4 Bg7 6. Nb3 d6 7. Be2 Qb6 8. Bf3
a5 9. Nc3 Be6 10. Nd5 Bxd5 11. exd5 Nd4 12. Nxd4 Bxd4 13. Qe2 Bxb2 14. Bxb2 Qxb2
15. O-O Qb6+ 16. Kh1 Qc7 17. Rab1 Rb8 18. Rfe1 Nf6 19. g4 Kf8 20. g5 Ne8 21. Rb3
Ng7 22. Bg4 h5 23. Bh3 h4 24. Bg4 Nh5 25. f5 Ng3+ 26. hxg3 hxg3+ 27. Kg1 Qc5+
28. Qe3 Qxd5 29. Qxe7+ Kg7 30. Qe4 Qd2 31. Re2 Qc1+ 32. Kg2 Qh1+ 33. Kxg3 Qh4+
34. Kf3 Qh1+ 35. Ke3 Qg1+ 36. Kd2 gxf5 37. Bxf5 Qxg5+ 38. Rbe3 Rh4 39. Rg2 1-0

[Event "Reykjavik Open"]
[Site "Reykjavik ISL"]
[Date "2012.03.10"]
[Round "5.45"]
[White "Rodriguez Fonseca, Jorge"]
[Black "Edvardsson, Kristjan"]
[Result "0-1"]
[WhiteElo "2003"]
[BlackElo "2217"]
[WhiteFideId "2224658"]
[BlackFideId "2300893"]
[EventDate "2012.03.06"]

1. e4 d6 2. d4 Nf6 3. Nc3 g6 4. f3 c6 5. a4 b6 6. d5 Bg7 7. dxc6 Nxc6 8. Bc4 O-O
9. Nge2 Ne5 10. Bb3 Ba6 11. Nd5 Qd7 12. Nb4 0-1

[Event "Reykjavik Open"]
[Site "Reykjavik ISL"]
[Date "2012.03.10"]
[Round "5.46"]
[White "Dunn, Andrew"]
[Black "Karlsson, Mikael Johann"]
[Result "1-0"]
[WhiteTitle "CM"]
[WhiteElo "2205"]
[BlackElo "1884"]
[WhiteFideId "401960"]
[BlackFideId "2305194"]
[EventDate "2012.03.06"]

1. d4 Nf6 2. c4 e6 3. Nf3 b6 4. g3 Bb7 5. Bg2 d5 6. O-O Bd6 7. cxd5 exd5 8. Nc3
O-O 9. Nh4 Re8 10. Bg5 Be7 11. Nf5 c6 12. Nxe7+ Qxe7 13. e4 dxe4 14. Nxe4 Nbd7
15. Re1 Qb4 16. a3 Qxb2 17. Nd6 Rxe1+ 18. Qxe1 Ba6 19. Bxc6 Rc8 20. Nf5 Bd3 21.
Ne7+ Kh8 22. Rd1 Bc4 23. Qb4 Qxb4 24. axb4 h6 25. Bf4 Re8 26. Bd6 Rd8 27. Rc1
Ne8 28. Bf4 Bd3 29. Rd1 Bc4 30. Rc1 Be6 31. d5 Bg4 32. Ra1 a5 33. bxa5 bxa5 34.
Rxa5 g5 35. Be3 Kg7 36. Ba4 Nd6 37. Nc6 Re8 38. Ra7 Nc4 39. Nd4 Rd8 40. f3 Bh3
41. Nc6 Re8 42. Bd4+ Kf8 43. Kf2 Ndb6 44. Bb3 Rc8 45. Rb7 Nxd5 46. Bxc4 Rxc6 47.
Bxd5 Rc2+ 48. Ke3 Rxh2 49. Bf6 Be6 50. Rb8+ 1-0

[Event "Reykjavik Open"]
[Site "Reykjavik ISL"]
[Date "2012.03.10"]
[Round "5.47"]
[White "Palsson, Halldor"]
[Black "Dave, Dhyani"]
[Result "1-0"]
[BlackTitle "WFM"]
[WhiteElo "2000"]
[BlackElo "2205"]
[WhiteFideId "2301202"]
[BlackFideId "5019834"]
[EventDate "2012.03.06"]

1. d4 f5 2. Nc3 Nf6 3. f3 d5 4. Bf4 a6 5. Nh3 Nc6 6. Qd2 e6 7. e3 Be7 8. O-O-O
b5 9. Kb1 Bd7 10. Rg1 b4 11. Na4 Nxd4 12. exd4 Bxa4 13. Ng5 Bd7 14. Re1 Qc8 15.
Qe3 c6 16. Bd3 g6 17. g4 fxg4 18. fxg4 a5 19. Be5 Rg8 20. Ref1 Ne4 21. Nxh7 Qb7
22. Bxe4 dxe4 23. Qxe4 O-O-O 24. h4 c5 25. Qxb7+ Kxb7 26. Rf7 Bxh4 27. g5 cxd4
28. Rf4 Bxg5 29. Nxg5 Bc8 30. Bxd4 e5 31. Bxe5 Bf5 32. Ne4 Kc6 33. Ng3 Rd5 34.
Bf6 Rf8 35. Bg7 Bxc2+ 36. Kxc2 Rxf4 37. Ne2 Rc4+ 38. Kb3 Kb5 39. a4+ bxa3 40.
Nc3+ Rxc3+ 41. bxc3 Rd6 42. Kxa3 Rc6 43. Rg5+ Ka6 44. Bd4 Rc4 45. Rxg6+ Kb7 46.
Rb6+ Kc7 47. Rb5 Kd7 48. Rxa5 Rc6 49. Kb4 1-0

[Event "Reykjavik Open"]
[Site "Reykjavik ISL"]
[Date "2012.03.10"]
[Round "5.48"]
[White "Loftsson, Hrafn"]
[Black "Ledent, Philippe"]
[Result "1-0"]
[WhiteElo "2202"]
[BlackElo "1876"]
[WhiteFideId "2300729"]
[BlackFideId "218227"]
[EventDate "2012.03.06"]

1. c4 Nf6 2. g3 c6 3. Bg2 d5 4. Nf3 Bg4 5. O-O Nbd7 6. cxd5 cxd5 7. d3 e6 8. Nc3
a6 9. h3 Bh5 10. Bf4 Be7 11. Rc1 O-O 12. a3 Rc8 13. Qb3 Nc5 14. Qa2 Bd6 15. Bxd6
Qxd6 16. b4 Ncd7 17. Rc2 d4 18. Nb1 Rxc2 19. Qxc2 Bxf3 20. Bxf3 Nd5 21. Rc1 N7f6
22. Qc5 Qxc5 23. Rxc5 g6 24. Nd2 Rd8 25. Nb3 e5 26. Nd2 b6 27. Rc6 Re8 28. Rd6
Re6 29. Rd8+ 1-0

[Event "Reykjavik Open"]
[Site "Reykjavik ISL"]
[Date "2012.03.10"]
[Round "5.49"]
[White "Roberts, Lynda"]
[Black "Bjornsson, Bjorn Freyr"]
[Result "1/2-1/2"]
[WhiteElo "1960"]
[BlackElo "2183"]
[WhiteFideId "1800191"]
[BlackFideId "2300834"]
[EventDate "2012.03.06"]

1. e4 e5 2. Nf3 Nc6 3. Bb5 a6 4. Bxc6 dxc6 5. d4 exd4 6. Qxd4 Qxd4 7. Nxd4 c5 8.
Ne2 Bd7 9. Nbc3 O-O-O 10. Bf4 Re8 11. O-O-O Nf6 12. f3 Bc6 13. Ng3 h6 14. Rd2 g6
15. Rhd1 Bg7 16. Kb1 Nd7 17. Nd5 Ne5 18. c3 c4 19. Ne2 Nd3 20. Bg3 Bxd5 21. exd5
g5 22. Nc1 1/2-1/2

[Event "Reykjavik Open"]
[Site "Reykjavik ISL"]
[Date "2012.03.10"]
[Round "5.50"]
[White "Calder, Dennis"]
[Black "Halldorsson, Bragi"]
[Result "0-1"]
[WhiteElo "1948"]
[BlackElo "2178"]
[WhiteFideId "4697359"]
[BlackFideId "2300907"]
[EventDate "2012.03.06"]

1. d4 c6 2. c4 d5 3. Nf3 Nf6 4. Nc3 dxc4 5. a4 Bf5 6. Ne5 Na6 7. f3 Nd7 8. Nxc4
e5 9. e4 exd4 10. exf5 dxc3 11. bxc3 Qf6 12. Qc2 O-O-O 13. Be2 Bc5 14. Rb1 Rhe8
15. h4 h6 16. Qb2 b6 17. Kf1 Nc7 18. Qc2 g5 19. hxg5 hxg5 20. g4 Rh8 21. Rxh8
Rxh8 22. Be3 Nd5 23. Bxc5 Nxc5 0-1

[Event "Reykjavik Open"]
[Site "Reykjavik ISL"]
[Date "2012.03.10"]
[Round "5.52"]
[White "Sverrisson, Nokkvi"]
[Black "Lasinskas, Povilas"]
[Result "0-1"]
[BlackTitle "FM"]
[WhiteElo "1928"]
[BlackElo "2170"]
[WhiteFideId "2304376"]
[BlackFideId "12800503"]
[EventDate "2012.03.06"]

1. e4 e5 2. Nf3 d6 3. d4 Nd7 4. Bc4 c6 5. Nc3 Qc7 6. Be3 Be7 7. Qd2 Ngf6 8. h3
b5 9. Bd3 b4 10. Ne2 c5 11. c3 Bb7 12. d5 a5 13. c4 O-O 14. Ng3 Rfe8 15. Nf5 Nf8
16. Bh6 g6 17. Qg5 Nh5 18. Nxe7+ Qxe7 19. g4 Nf4 20. Qxe7 Rxe7 21. Kd2 Nd7 22.
Rh2 Nb6 23. Bg5 Ree8 24. Ke3 Ba6 25. Nd2 Nxd3 26. Kxd3 Kg7 27. f3 h6 28. Be3 Kh7
29. Rg2 Na4 30. Kc2 Nb6 31. Kd3 Bc8 32. Rag1 Bd7 33. Rg3 Rg8 34. R3g2 Raf8 35.
Rg3 Bc8 36. R3g2 Ba6 37. Rg3 f6 38. h4 Rf7 39. h5 gxh5 40. Rh3 hxg4 41. Rxh6+
Kg7 42. Rxg4+ Kf8 43. Rhg6 Rxg6 44. Rxg6 Ke7 45. Rg8 Bc8 46. Nb3 a4 47. Na5 Bh3
48. Rg1 f5 49. Nb7 fxe4+ 50. fxe4 Kd7 0-1

[Event "Reykjavik Open"]
[Site "Reykjavik ISL"]
[Date "2012.03.10"]
[Round "5.53"]
[White "Guisset, Philippe"]
[Black "Thorsteinsson, Erlingur"]
[Result "0-1"]
[WhiteElo "1926"]
[BlackElo "2129"]
[WhiteFideId "206628"]
[BlackFideId "2301091"]
[EventDate "2012.03.06"]

1. c4 Nf6 2. g3 g6 3. Bg2 Bg7 4. Nc3 e5 5. d3 O-O 6. Nf3 Re8 7. O-O d6 8. Rb1
Nbd7 9. b4 Nf8 10. a4 Ne6 11. b5 Nc5 12. e4 Bg4 13. h3 Bd7 14. Kh2 Ne6 15. Ng1
c5 16. Bd2 Nh5 17. Nd5 Rb8 18. Bf3 Nf6 19. Nc3 Rf8 20. Bg2 Ne8 21. Nge2 f5 22.
exf5 Rxf5 23. g4 Rf8 24. Bd5 Kh8 25. Bxe6 Bxe6 26. Ne4 b6 27. Bg5 Qd7 28. Qd2 d5 0-1